Responses for Show #1596 - Monday, July 8, 1991

1991 Seniors Tournament quarterfinal game 1.

Contestants

[<< previous game]

Henry Wold, a retired Marine Corps officer from Darien, Connecticut

Jack Pejza, a priest and educator from Ojai, California

Kay Paul, a nurse from Indian Rocks Beach, Florida

[next game >>]

Jeopardy! Round responses

FIRST LADIES
ALL EARS
U.S. STATES
RADIO HEROES
BUSINESS & FINANCE
RHYME TIME
    $100 5
Mrs. (Bess) Truman

Jack
    $100 18
eardrum

Kay
    $100 6
Alaska

Kay
    $100 7
Jack Armstrong

Kay
    $100 23
monopoly

Jack
    $100 1
Dallas palace

Kay
    $200 11
Philadelphia

Jack
    $200 19
bats

Henry
    $200 12
Wyoming

Henry
    $200 8
(Henry: Who was Superman?)

Batman

Henry
Triple Stumper
    $200 24
yield

Kay
    $200 2
fair hair

Triple Stumper
    $300 20
her childhood nurse

Henry
    $300 25
play it by ear

Kay
    $300 13
Wisconsin

Kay
    $300 9
Gang Busters

Kay
    $300 28
bill

Jack
    $300 3
(Jack: What's a cub...I can't think of it.)

cub club

KayJack
    $400 21
Mrs. (Florence) Harding

Henry
    $400 26
idols

Triple Stumper
    $400 14
New Mexico

Jack
    $400 16
(Jack: What was Quaker Oats?)

(Quaker) Puffed Wheat

KayJack
    $400 29
[end-of-round signal sounds]
(Alex: Referring to the Municipal Assistance Corporation.)

New York City

Henry
    $400 4
fake cake

Henry
    $500 22
(Alex: We have a minute to go.)

Lou Henry Hoover

Jack
    $500 27
someone's talking about you

Jack
    $500 15
Indiana

Jack
    $500 17
Sky King

Kay
    $500 10
Hong Kong

Henry

Scores at the first commercial break (after clue 13):

Kay Jack Henry
$1,200 $0 $900

Scores at the end of the Jeopardy! Round:

Kay Jack Henry
$2,700 $1,900 $2,200

Double Jeopardy! Round responses

SHAKESPEAREAN SERVANTS
HOLIDAYS & OBSERVANCES
ANCIENT HISTORY
AVIATION
OPERA
GEMS
    $200 23
Cressida

Kay
    $200 1
Arlington National Cemetery

Kay
    $200 6
Japan

Kay
    $200 16
Alexander Graham Bell

Kay
    $200 21
La Scala

Kay
    $200 7
Tanzania

Jack
    $400 27
Juliet

Triple Stumper
    $400 2
Palm Sunday

Kay
    $400 12
Masada

Kay
    $400 17
B-52

Henry
    $400 22
Faust

Henry
    $400 8
diamonds

Jack
    $600 28
Lady Macbeth

Jack
    $600 3
Epiphany

Jack
    $600 13
Phoenician

Kay
    $600 18
Douglas

Henry
    $600 24
(Henry: Who was Helen Melba?)
(Jack: Who was Melba?)
(Alex: Be more specific...we're looking for a first name.)

Dame Nellie Melba

JackHenry
Triple Stumper
    $600 9
agate

Triple Stumper
    $1,000 30
Oberon & Titania

Jack
    $1,000 4
(Jack: What is Mothers' Day?)

Thanksgiving

Jack
    $800 14
(Jack: Who was Xerxes?)
(Henry: Who was Darius?)

Cyrus the Great

JackHenry
Triple Stumper
    $800 19
the Hindenburg

Henry
    $800 25
(Jack: Who was Gaspar and....sorry.)
(Kay: Who is Gaspar, Melchior & Balthazar?)
(Alex: Kay, you're correct -- no, we were looking for Kaspar, as in the friendly ghost. About a minute to go in the round.)

Kaspar, Melchior & Balthazar

KayJack
Triple Stumper
    $800 10
(Henry: What are millimeters...what are centimeters?)

grains

Henry
Triple Stumper
    $1000 29
Taming of the Shrew

Jack
    $1000 5
(Jack: What is Kansas?)

Nebraska

JackHenry
    $1000 15
Pericles

Triple Stumper
    $1000 20
the X-15

Kay
    $1000 26
Eugene Onegin

Triple Stumper
    $1000 11
bloodstone

Kay

Scores at the end of the Double Jeopardy! Round:

Kay Jack Henry
$6,300 $1,500 $3,200

Final Jeopardy! Round responses

20th CENTURY EUROPE
JackWhat are Austria and Prussia
$1,500
HenryWhat are France and Great Britain
$3,100
KayWhat were Poland and Germany
$3,000
France and Great Britain

Final scores:

Kay Jack Henry
$3,300 $0 $6,300
2nd place: $1,000 if eliminated 3rd place: $1,000 if eliminated Automatic semifinalist

Game dynamics:

Coryat scores:

Kay Jack Henry
$6,300 $2,300 $3,200
21 R,
1 W
14 R
(including 1 DD),
7 W
(including 1 DD)
12 R
(including 1 DD),
4 W

Combined Coryat: $11,800

[game clues] [game scores] [suggest correction]

Game tape date: 1991-03-25
The J! Archive is created by fans, for fans. Scraping, republication, monetization, and malicious use prohibited; this site may use cookies and collect identifying information. See terms. The Jeopardy! game show and all elements thereof, including but not limited to copyright and trademark thereto, are the property of Jeopardy Productions, Inc. and are protected under law. This website is not affiliated with, sponsored by, or operated by Jeopardy Productions, Inc. Join the discussion at JBoard.tv.